| 000 | 00728nam a22001817a 4500 | ||
|---|---|---|---|
| 008 | 110122s1993 ua|||||r|||| 000 0 ara d | ||
| 020 | _a9775140366 | ||
| 082 |
_a321.8 _bح ا ف |
||
| 100 |
_98763 _aحافظ، صلاح الدين |
||
| 245 |
_aصدمة الديمقراطية / _cصلاح الدين حافظ |
||
| 260 |
_aالقاهرة : _bسينا للنشر ، 1993 _c1993 |
||
| 300 |
_a276 ص ؛ _c25 سم |
||
| 500 | _aيشتمل على ملاحق | ||
| 541 |
_aد. باسم أحمد ؛ _cإهداء ؛ |
||
| 650 |
_913389 _aالديمقراطية |
||
| 942 |
_2ddc _cBB |
||
| 999 |
_c14935 _d14935 |
||